LEADER 01051nam a2200229 4500 001 000000362929 003 CaOOAMICUS 005 20250523115104.0 006 a 000 u 008 250523s1998 it a 000 u ita r 040 $aSeMil$bita 245 00$aTu sei sacerdote per sempre :$b90. Anniversario di sacerdozio, padre Enrico Mauri, 1908 13 giugno 1998. 264 1$aSestri Levante (Genova) :$bOpera Madonnina del Grappa,$c1998. 300 $a22 p. ;$c21 cm 490 1 $a[Opuscoli] ;$v2 600 14$aMauri, Enrico .$0(OLS)http://semarc/subject/42498 830 0$a[Opuscoli] ;$v2.$0(OLS)http://semarc/title/453935 850 $aSeMil 852 $aSeMil$W1$xVenegono$y1$m5B VIII 2/13$j257430$B253812$CSeMilBibl$Z2$F253812 $81 996 $6245$aTu sei sacerdote per sempre :$b90. Anniversario di sacerdozio, padre Enrico Mauri, 1908 13 giugno 1998$9(OLS)http://semarc/title/453946 996 $6264$aSestri Levante (Genova) :$bOpera Madonnina del Grappa$9(OLS)http://semarc/publisher/46331 LEADER 00893nam a2200205 i 4500 001 000000032446 003 CaOOAMICUS 005 20231005135311.0 008 180830s1818 it u000 u ita u 040 $aSeMil$bita 100 1 $aFrey de Neuville, Charles.$0(OLS)http://semarc/name/14985 245 10$aQuaresimale. Tomo 1. [-2.] /$c[Charles Frey de Neuville]. 264 1$aIn Venezia :$bForesti e Bettinelli,$c1818. 300 $a2 v. ;$c4°. 773 0 $aFrey de Neuville, Charles$tPrediche del padre Carlo Frey De Neuville predicatore regio tradotte dal francese.$bEdizione terza.$dIn Venezia : Foresti e Bettinelli, 1818-1819.$w()32445 774 0 $tTomo 1.$g1$w()192687 774 0 $tTomo 2.$g2$w()244729 996 $6245$aQuaresimale. Tomo 1. [-2.]$9(OLS)http://semarc/title/44000 996 $6264$aIn Venezia :$bForesti e Bettinelli$9(OLS)http://semarc/publisher/39331